Vista normal
Vista MARC
Entrada Nombre corporativo
Número de registros utilizados en: 1
001 - NÚMERO DE CONTROL
- Campo de control: 41302
003 - IDENTIFICADOR DE NÚMERO DE CONTROL
- Campo de control: ES-MaCES
005 - FECHA Y HORA DE LA ULTIMA MODIFICACION
- Campo de control: 20250218134112.0
008 - ELEMENTOS DE DATOS DE LONGITUD FIJA
- Campo de longitud fija: 111018 | azznnaabn |n ana d
035 ## - NÚMERO DE CONTROL DEL SISTEMA
- Número de control del sistema: CES20110001113e
040 ## - FUENTE DE LA CATALOGACIÓN
- Agencia original de catalogación: ES-MaCES
- Idioma de catalogación: spa
- Agencia de transcripción: ES-MaCES
110 1# - ENCABEZAMIENTO--NOMBRE CORPORATIVO
- Nombre corporativo o de jurisdicción como elemento de entrada: Unión Europea
- Título de una obra: Directiva relativa a la aproximación de las disposiciones legales, reglamentarias y administrativas de los Estados Miembros en materia de responsabilidad por los daños causados por productos defectuosos, 1985
510 1# - TRAZADO VEÁSE ADEMÁS--NOMBRE CORPORATIVO
- Nombre corporativo o jurisdicción como elemento de entrada: Unión Europea
- Título de una obra: Directiva sobre responsabilidad por los daños causados por productos defectuosos y por la que se deroga la Directiva 85/374/CEE del Consejo, 2024
670 ## - FUENTE DE DATOS ENCONTRADOS
- Fuente de citación: CD del CES
- Información encontrada: : Directiva 85/374/CEE del Consejo, de 25 de julio de 1985, relativa a la aproximación de las disposiciones legales, reglamentarias y administrativas de los Estados Miembros en materia de responsabilidad por los daños causados por productos defectuosos
901 ## - CES. DATOS SIRTEX
- ID Sirtex (N5N8): 0001800007530
- 005BIS Sirtex: 201110181422ALORITE

